Foundations of stage makeup (Registro nro. 325925)

Detalles MARC
000 -ENCABEZADO
Número de control [NR] 01108nam a22002177a 4500
005 - FECHA Y HORA DE LA ÚLTIMA TRANSACCIÓN
control field 20251127083237.0
008 - DE LONGITUD FIJA DE DATOS DE ELEMENTOS - INFORMACIÓN GENERAL
Elementos de longitud fija [NR] 251127b ||||| |||| 00| 0 eng d
020 ## - NUMERO INTERNACIONAL NORMALIZADO PARA LIBROS [R]
Número Internacional Normalizado del libro [NR] 9781032664231
020 ## - NUMERO INTERNACIONAL NORMALIZADO PARA LIBROS [R]
Número Internacional Normalizado del libro [NR] 9781032664200
020 ## - NUMERO INTERNACIONAL NORMALIZADO PARA LIBROS [R]
Número Internacional Normalizado del libro [NR] 9781032664248
040 ## - FUENTE DE CATALOGACION [NR]
Agencia de catalogación original [NR] CO-BoUCM
Quien Cataloga David Moreno
Quien Clasifica David Moreno
100 1# - ASIENTO PRINCIPAL--NOMBRE PERSONAL [NR]
Nombre personal [NR] Townsend, Daniel C.
ID Autoridad 187375
245 10 - MENCION DE TITULO [NR]
Título [NR] Foundations of stage makeup
Mención de responsabilidad, etc. [NR] Daniel C Townsend
250 ## - MENCION DE EDICION [NR]
Mención de edición [NR] 1a.Ed
260 ## - PUBLICACION, DISTRIBUCION, ETC. (PIE DE IMPRENTA) [R]
Lugar de publicación, distribución, etc. [R] New york
Nombre del editor, distribuidor, etc. [R] Routledge
Fecha de publicación, distribución, etc. [R] 2024
300 ## - DESCRIPCION FISICA [R]
Extensión [R] xiv, 176 paginas
Otros detalles físicos [NR] ilustraciones a color
505 ## - NOTA DE CONTENIDO CON FORMATO PREESTABLECIDO [R]
Mención de responsabilidad [R] A concise history of makeup -- Hygiene, sanitation, and chemicals -- The color theory of makeup -- Light, shadow, and contouring -- Foundation and concealer -- Eyes and eyebrows -- Lips -- Facial anatomy -- Bone structure makeup -- Neutral stage makeup -- Old age makeup -- Concealing eyebrows -- Angry makeup -- Sad makeup -- Trauma makeup --Basic Prosthetics -- Fantasy makeup -- Animal makeup -- Wigs and wig prep.
650 14 - ASIENTO SECUNDARIO DE MATERIA - TERMINO TEMATICO [R]
Término temático o nombre geográfico como elemento de entrada [NR] Maquillaje teatral
Subdivisión de forma [R] Manuales, etc.
9 (RLIN) 187376
942 ## - ELEMENTOS DE ENTRADA AGREGADOS (KOHA)
Sistema de clasificación DEWEY
Tema principal Arte
Tipo de ítem principal el descrito en 300a Libro
Edición 1
Clasificación 792.027
Parte restante de la signatura top. T747f
Título oculto en OPAC No
Existencias
Total préstamos Signatura topográfica Código de barras Última vez visto Ejemplar Price effective from Tipo de ítem Perdido Sistema de clasificación Dañado No prestable Tipo de ítem específico Suprimido Ubicación habitual Ubicación actual Localización Fecha de creación Forma de adquisición Costo
  792.027 T747f 100174628 06/12/2025 Ej.1 27/11/2025 Libro   DEWEY     Libro   Claustro Claustro 2do piso 27/11/2025 Compra 258236.00